| 000 | 00953nmm a2200277 a 4500 | ||
|---|---|---|---|
| 001 | ocm000645428 | ||
| 003 | TR-IsHL | ||
| 005 | 20201028132739.0 | ||
| 008 | 131030s2007 tu tur | ||
| 007 | cr cn | ||
| 020 | _a9789754500615 | ||
| 035 |
_a645428 _b(N$T) |
||
| 050 | 0 | 4 |
_aBP137.I85 _bA35 2007 |
| 090 | 0 | 4 |
_aBP137.I85 _bA35 2007 |
| 100 | 1 | _aAkıncı, Ahmet Cemil | |
| 245 | 1 | 0 |
_aHazreti Âişe _h[electronic resource] / _cAhmet Cemil Akıncı |
| 260 |
_aİstanbul : _bBahar Yayınları, _c2007 |
||
| 650 | 4 | _aFelsefe, Psikoloji ve Din | |
| 650 | 4 | _aPhilosophy, Psychology and Religion | |
| 650 | 0 | _aMüslüman kadın | |
| 650 | 0 | _aMuslim women | |
| 650 | 0 |
_aMüslüman kadınlar _x Suudi Arabi _x Biyografi |
|
| 650 | 0 |
_aMuslim women _x Saudi Arabi _x Biography |
|
| 650 | 7 |
_aBIOGRAPHY & AUTOBIOGRAPHY / Religious _2bisacsh |
|
| 856 | 4 | 0 | _uhttp://search.ebscohost.com/login.aspx?direct=true&scope=site&db=e011xww&AN=645428 |
| 999 |
_c5259 _d5259 |
||